Desarrollo económico de Checoslovaquia /

Hlavní autor: Dubský, Stanislav
Jazyk: Španělština
Vydáno: Praga : Orbis, 1958
Fyzický popis: 61 s.
Knihy
Uloženo v:
LEADER 00710nam a22002412a 4500
001 001417031
003 CZ BrMZK
005 20150213105826.0
007 ta
008 140903s1958 xr er|||||||||||spa d
015 |a cnb000441370 
035 |a (OCoLC)85193844 
040 |a ABA001  |b cze  |c KLG001  |d BOA001 
041 1 |a spa  |h cze 
100 1 |a Dubský, Stanislav  |7 jk01023216  |4 aut 
245 1 0 |a Desarrollo económico de Checoslovaquia /  |c Stanislav Dubský 
260 |a Praga :  |b Orbis,  |c 1958 
300 |a 61 s. 
500 |a Přeloženo z češtiny 
910 |a BOA001  |b 2-0399.231 
990 |a BK 
991 |b 201409 
996 6 |b 2619129214  |c 2-0399.231  |l MZK  |r Sklad / do 24 hodin  |n 0  |w 001452014  |u 000010  |a 1  |e BOA001  |j MZK50  |s P